Lessons in Depravity; (Record no. 2783)

MARC details
000 -LEADER
fixed length control field 00536nam a22001937a 4500
003 - CONTROL NUMBER IDENTIFIER
control field OSt
005 - DATE AND TIME OF LATEST TRANSACTION
control field 20151202160249.0
008 - FIXED-LENGTH DATA ELEMENTS--GENERAL INFORMATION
fixed length control field 151202b xxu||||| |||| 00| 0 eng d
020 ## - INTERNATIONAL STANDARD BOOK NUMBER
International Standard Book Number 0952993953
040 ## - CATALOGING SOURCE
Transcribing agency DDC.
082 ## - DEWEY DECIMAL CLASSIFICATION NUMBER
Classification number 372.372WIL 2003.
100 ## - MAIN ENTRY--PERSONAL NAME
Personal name Williams, ES;
9 (RLIN) 6448
245 ## - TITLE STATEMENT
Title Lessons in Depravity;
Remainder of title Sex Education and the Sex Revolution.
260 ## - PUBLICATION, DISTRIBUTION, ETC. (IMPRINT)
Place of publication, distribution, etc. Wimbledon.
Name of publisher, distributor, etc. Belmont House Publishing.
Date of publication, distribution, etc. 2003
300 ## - PHYSICAL DESCRIPTION
Extent viii,328p;
Other physical details ill;
Dimensions 24cm
504 ## - BIBLIOGRAPHY, ETC. NOTE
Bibliography, etc includes index.
650 ## - SUBJECT ADDED ENTRY--TOPICAL TERM
Topical term or geographic name as entry element Depravity.
9 (RLIN) 6449
942 ## - ADDED ENTRY ELEMENTS (KOHA)
Source of classification or shelving scheme Dewey Decimal Classification
Koha item type Short Loan
Holdings
Withdrawn status Lost status Source of classification or shelving scheme Damaged status Not for loan Home library Current library Date acquired Source of acquisition Inventory number Total Checkouts Full call number Barcode Date last seen Price effective from Koha item type
    Dewey Decimal Classification     MUST Main Library MUST Main Library 02/12/2015   04/23040   372.372WIL 2003. 2015-2892 02/12/2015 02/12/2015 Short Loan